| 000 | 00454nam a2200181Ia 4500 | ||
|---|---|---|---|
| 001 | 10844 | ||
| 005 | 20260306161902.0 | ||
| 008 | 260306t1985||||xx |||||||||||||| ||spa|| | ||
| 041 | _aESP | ||
| 082 |
_a974.02 _bD68 T. 1 |
||
| 100 |
_aDíaz del Castillo, Bernal _eAUT |
||
| 245 | 0 | _aHistoria verdadera de la conquista de la Nueva España (I) | |
| 260 | _c1985 | ||
| 300 |
_a _c20 cm. |
||
| 650 | _aGEN | ||
| 654 | _aCHU | ||
| 942 |
_cLIB _dJUS _fJUS _2ddc _n |
||
| 999 |
_c10844 _d10844 |
||